00326nam a2200145Ia 4500100001500000650002500015250000600040366000700046654002500053245003700078260002600115082000800141300000800149546002300157 aBarve/S.B  aMaterials technology a3 f10 amaterials technology aTextbook of Materials technology bVipul prakashanc2014 bBAR a297 aENGLISHcInfo.Tech